[Event "BL 1213 SC Eppingen - SV Hockenheim"]
[Site "?"]
[Date "2013.04.05"]
[Round "13.8"]
[White "Noe, Christopher"]
[Black "Wagner, Dennis"]
[Result "1/2-1/2"]
[WhiteElo "2192"]
[BlackElo "2456"]
[PlyCount "200"]
[EventDate "2013.??.??"]

1. c4 g6 2. Nc3 c5 3. Nf3 Bg7 4. d4 cxd4 5. Nxd4 Nc6 6. Nc2 Bxc3+ 7. bxc3 Qa5
8. Bd2 d6 9. e4 Nf6 10. f3 Ne5 11. Ne3 O-O 12. Be2 Be6 13. Qb3 Nfd7 14. O-O Nc5
15. Qb4 Qa6 16. Rfb1 Rab8 17. Bf1 b6 18. Nd5 Qb7 19. Rd1 f5 20. exf5 Rxf5 21.
Be3 Rbf8 22. Be2 g5 23. Qb2 Bf7 24. Qd2 h6 25. h4 Ne6 26. Rf1 Bg6 27. hxg5 hxg5
28. Rae1 Kg7 29. g4 Rxf3 30. Bxf3 Rxf3 31. Bd4 Rg3+ 32. Kh2 Rxg4 33. Bxe5+ dxe5
34. Qe2 Rh4+ 35. Kg1 Be4 36. Qxe4 Rxe4 37. Rxe4 Qc8 38. Rxe5 Qc5+ 39. Rf2 Nf4
40. Rxe7+ Kh6 41. Re3 Nxd5 42. Rh3+ Kg6 43. cxd5 Qxd5 44. Rg3 Qc5 45. Kf1 Qb5+
46. Kg1 Qc5 47. Kf1 Qc4+ 48. Kg1 Qe4 49. Rfg2 Qe1+ 50. Kh2 Kf7 51. Rxg5 Qh4+
52. Kg1 Qe1+ 53. Kh2 Qxc3 54. Rf5+ Ke6 55. Rff2 Qe5+ 56. Kg1 Kd5 57. Rd2+ Kc4
58. Rc2+ Kb4 59. Rb2+ Ka4 60. Rgc2 Qf4 61. Kg2 b5 62. Rf2 Qg4+ 63. Kf1 Qc4+ 64.
Kg2 Qe4+ 65. Kg3 b4 66. Rbe2 Qd3+ 67. Kf4 Qd4+ 68. Kf5 a5 69. Rc2 Qe3 70. Rfd2
Ka3 71. Rh2 a4 72. Rcf2 b3 73. axb3 axb3 74. Rhg2 Kb4 75. Kf6 Kc5 76. Rd2 Qf4+
77. Kg6 Kc4 78. Kg7 Kc3 79. Rdf2 Qe5+ 80. Kg8 Qe1 81. Rh2 Kd3 82. Rb2 Qg3+ 83.
Kf7 Ke4 84. Rhe2+ Kd5 85. Rbd2+ Kc4 86. Rh2 Kc3 87. Rdf2 Qg1 88. Kf8 Kd3 89.
Rb2 Ke4 90. Rhe2+ Kf3 91. Red2 Qc5+ 92. Kg8 Qc4+ 93. Kh8 Ke3 94. Rh2 Qc8+ 95.
Kg7 Qd7+ 96. Kg8 Qe6+ 97. Kg7 Kd3 98. Rxb3+ Qxb3 99. Rh3+ Kc4 100. Rxb3 Kxb3
1/2-1/2

[Event "BL 1213 SV Mülheim Nord - SF Katernberg"]
[Site "?"]
[Date "2013.04.05"]
[Round "13.3"]
[White "Siebrecht, Sebastian"]
[Black "Fridman, Daniel"]
[Result "0-1"]
[WhiteElo "2479"]
[BlackElo "2670"]
[PlyCount "70"]
[EventDate "2013.??.??"]

1. d4 Nf6 2. c4 e6 3. Nf3 Bb4+ 4. Bd2 a5 5. Nc3 b6 6. g3 Ba6 7. b3 d5 8. cxd5
exd5 9. Bg2 O-O 10. O-O Re8 11. Re1 Nbd7 12. a3 Bf8 13. Bf4 c6 14. Ne5 Nxe5 15.
Bxe5 Bb7 16. Qc2 g6 17. Qb2 Nh5 18. g4 Rxe5 19. dxe5 Nf4 20. Bf1 Qg5 21. h3 Qh4
22. e3 Nxh3+ 23. Bxh3 Qxh3 24. f4 c5 25. Na4 b5 26. Qg2 Qxg2+ 27. Kxg2 bxa4 28.
bxa4 d4+ 29. Kf2 d3 30. Rec1 Ba6 31. Rab1 c4 32. Rc3 Bc5 33. Kf3 Rd8 34. Ke4 d2
35. Rd1 Bb7# 0-1

[Event "BL 1213 SV Mülheim Nord - SF Katernberg"]
[Site "?"]
[Date "2013.04.05"]
[Round "13.4"]
[White "Landa, Konstantin"]
[Black "Zaragatski, Ilja"]
[Result "1-0"]
[WhiteElo "2641"]
[BlackElo "2460"]
[PlyCount "65"]
[EventDate "2013.??.??"]

1. d4 e6 2. c4 Bb4+ 3. Bd2 a5 4. Nc3 Nf6 5. Qc2 d6 6. a3 Bxc3 7. Bxc3 Qe7 8.
Nf3 Nbd7 9. e4 e5 10. Bd3 a4 11. O-O O-O 12. Nh4 exd4 13. Nf5 Qd8 14. Nxd4 b6
15. Nc6 Qe8 16. Rae1 Bb7 17. Nb4 Qd8 18. Re3 Ne5 19. Be2 Re8 20. Nd5 Nfd7 21.
Rg3 f6 22. f4 Nf7 23. Bd3 Bxd5 24. exd5 Nf8 25. Bxh7+ Kh8 26. Bg6 Re7 27. Rh3+
Kg8 28. Bh7+ Kh8 29. Bf5+ Kg8 30. Qd1 Re8 31. Qg4 Qe7 32. Re1 Qd8 33. Re6 1-0

[Event "BL 1213 SV Mülheim Nord - SF Katernberg"]
[Site "?"]
[Date "2013.04.05"]
[Round "13.5"]
[White "Kotainy, Jens"]
[Black "Feygin, Michael"]
[Result "1-0"]
[WhiteElo "2413"]
[BlackElo "2538"]
[PlyCount "71"]
[EventDate "2013.??.??"]

1. e4 e6 2. d4 d5 3. Nc3 Nf6 4. Bg5 Be7 5. e5 Nfd7 6. h4 a6 7. Qg4 Bxg5 8. hxg5
c5 9. g6 f5 10. Qf4 h6 11. Nce2 Nc6 12. Nf3 O-O 13. c3 b5 14. Rxh6 gxh6 15.
Qxh6 Qe7 16. g7 Qxg7 17. Qxe6+ Kh8 18. Qxc6 Rb8 19. dxc5 Nxe5 20. Nxe5 Qxe5 21.
O-O-O Rf6 22. Qxd5 Qxd5 23. Rxd5 Bb7 24. Re5 f4 25. f3 Rd8 26. Nd4 Rh6 27. Kc2
Rh1 28. c6 Bc8 29. Bd3 Rg8 30. c7 Rh2 31. Kb3 Rhxg2 32. Rh5+ Kg7 33. Rd5 Rd2
34. Rg5+ Kf8 35. Rxg8+ Kxg8 36. Bf5 1-0

[Event "BL 1213 SV Mülheim Nord - SF Katernberg"]
[Site "?"]
[Date "2013.04.05"]
[Round "13.6"]
[White "Levin, Felix"]
[Black "Ris, Robert"]
[Result "1/2-1/2"]
[WhiteElo "2508"]
[BlackElo "2394"]
[PlyCount "54"]
[EventDate "2013.??.??"]

1. Nf3 Nf6 2. c4 b6 3. g3 Bb7 4. Bg2 g6 5. d4 Bg7 6. O-O O-O 7. Qd3 Na6 8. Nc3
Nb4 9. Qb1 d5 10. a3 Nc6 11. cxd5 Nxd5 12. Nxd5 Qxd5 13. Ne5 Qe6 14. Nxc6 Bxc6
15. Bxc6 Qxc6 16. Be3 Rfd8 17. Rc1 Qb7 18. Qc2 Bxd4 19. Qxc7 Qxc7 20. Rxc7 Bxb2
21. Ra2 Bf6 22. a4 Kf8 23. a5 bxa5 24. Rxa5 a6 25. Bf4 e6 26. Kg2 Kg7 27. Rc6
h5 1/2-1/2

[Event "BL 1213 SV Mülheim Nord - SF Katernberg"]
[Site "?"]
[Date "2013.04.05"]
[Round "13.7"]
[White "Thesing, Matthias"]
[Black "Hausrath, Daniel"]
[Result "0-1"]
[WhiteElo "2399"]
[BlackElo "2484"]
[PlyCount "88"]
[EventDate "2013.??.??"]

1. e4 c6 2. d4 d5 3. exd5 cxd5 4. c4 Nf6 5. Nc3 Nc6 6. Nf3 Be6 7. cxd5 Bxd5 8.
Be2 e6 9. O-O Be7 10. Ne5 O-O 11. Qa4 Qb6 12. Rd1 Rfd8 13. Nxd5 Nxd5 14. Nxc6
bxc6 15. Qb3 Rab8 16. Qxb6 Rxb6 17. Bc4 Bf6 18. Bb3 a5 19. Be3 Ra8 20. Rd2 a4
21. Bxd5 cxd5 22. Rc1 h5 23. Kf1 Rab8 24. Rcc2 g5 25. Ke2 Kg7 26. Kd1 Kg6 27.
Kc1 Be7 28. h3 Bd6 29. Rd3 g4 30. hxg4 hxg4 31. Rdc3 Kf5 32. Rc6 g3 33. Rxb6
Rxb6 34. fxg3 Bxg3 35. Re2 f6 36. Kc2 Rc6+ 37. Kd3 e5 38. dxe5 fxe5 39. Rc2
Rxc2 40. Kxc2 d4 41. Bh6 e4 42. b3 axb3+ 43. axb3 Bd6 44. Kd2 Kg6 0-1

[Event "BL 1213 SV Mülheim Nord - SF Katernberg"]
[Site "?"]
[Date "2013.04.05"]
[Round "13.8"]
[White "Saltaev, Mihail"]
[Black "Scholz, Christian"]
[Result "0-1"]
[WhiteElo "2479"]
[BlackElo "2389"]
[PlyCount "134"]
[EventDate "2013.??.??"]

1. e4 c5 2. Nf3 d6 3. d4 cxd4 4. Nxd4 Nf6 5. Nc3 a6 6. Bc4 e6 7. a4 Be7 8. O-O
Nc6 9. Be3 Qc7 10. Qe2 O-O 11. Kh1 Bd7 12. f4 Rac8 13. Ba2 Na5 14. Rad1 Nc4 15.
Bc1 Rfe8 16. Rd3 Bf8 17. b3 Na5 18. Bd2 Nc6 19. Nxc6 Bxc6 20. Rg3 b5 21. axb5
axb5 22. b4 d5 23. e5 Nd7 24. Nd1 d4 25. Nf2 f5 26. exf6 Nxf6 27. Bxe6+ Kh8 28.
f5 Bd5 29. Rc1 Bxe6 30. fxe6 Qc4 31. Qxc4 Rxc4 32. Re1 Rxc2 33. Rd3 Rxd2 34.
Rxd2 Bxb4 35. Rdd1 Bxe1 36. Rxe1 Nd5 37. Nd3 g6 38. Kg1 Kg7 39. Re4 Nc3 40. Re1
Kf6 41. Nc5 Ke7 42. Nb3 Rd8 43. Kf2 Rd6 44. Kf3 b4 45. Re5 Rxe6 46. Rxe6+ Kxe6
47. Nxd4+ Kd5 48. Nb3 Nb5 49. Ke3 Nd6 50. Kd3 Ne4 51. Na5 Nc5+ 52. Kc2 g5 53.
Kd2 h5 54. Ke3 b3 55. Kd2 Kd4 56. Nc6+ Ke4 57. Kc3 g4 58. Ne7 h4 59. Ng6 h3 60.
gxh3 gxh3 61. Kb2 Kf3 62. Ne5+ Kg2 63. Ng4 Nd3+ 64. Kxb3 Nf2 65. Ne3+ Kxh2 66.
Kc2 Kg1 67. Nf5 h2 0-1

[Event "BL 1213 OSG Baden Baden - SG Turm Trier"]
[Site "?"]
[Date "2013.04.05"]
[Round "13.1"]
[White "Howell, David W L"]
[Black "Svidler, Peter"]
[Result "1/2-1/2"]
[WhiteElo "2634"]
[BlackElo "2747"]
[PlyCount "84"]
[EventDate "2013.??.??"]

1. e4 c5 2. Nf3 e6 3. c3 Nf6 4. e5 Nd5 5. d4 cxd4 6. cxd4 d6 7. Bc4 Nc6 8. O-O
Be7 9. a3 O-O 10. Re1 Qb6 11. exd6 Bxd6 12. Qd3 Bd7 13. Nc3 Nce7 14. Ng5 Nf6
15. Nce4 Nxe4 16. Qxe4 Ng6 17. h4 Rac8 18. b3 Qa5 19. Be3 b5 20. b4 Qd8 21. Ba2
Re8 22. h5 Nf8 23. Rac1 h6 24. Nf3 Rxc1 25. Rxc1 a5 26. Bf4 Qe7 27. Bxd6 Qxd6
28. Qe5 Qa6 29. Bb1 axb4 30. axb4 Qa3 31. Qe1 e5 32. dxe5 Bg4 33. Be4 Bxh5 34.
Bc6 Rd8 35. Ra1 Qb3 36. Rb1 Qe6 37. Rc1 Ng6 38. Qe3 Bxf3 39. Bxf3 Qxe5 40. Qxe5
Nxe5 41. Rc5 Nxf3+ 42. gxf3 Rb8 1/2-1/2

[Event "BL 1213 OSG Baden Baden - SG Turm Trier"]
[Site "?"]
[Date "2013.04.05"]
[Round "13.2"]
[White "Adams, Michael"]
[Black "Lupulescu, Constantin"]
[Result "1/2-1/2"]
[WhiteElo "2720"]
[BlackElo "2613"]
[PlyCount "55"]
[EventDate "2013.??.??"]

1. e4 c6 2. d4 d5 3. e5 Bf5 4. Nf3 e6 5. Be2 Ne7 6. O-O Nc8 7. a4 a5 8. Be3 Be7
9. Nbd2 O-O 10. Ne1 Na6 11. Bd3 Bxd3 12. Nxd3 Nb6 13. Qg4 Kh8 14. c3 Nc4 15.
Nxc4 dxc4 16. Nf4 Nc7 17. Nh5 Rg8 18. Ng3 Nd5 19. Ne4 b5 20. h4 Qd7 21. Qh5 Qe8
22. Qf3 Nb6 23. Bg5 Bf8 24. axb5 cxb5 25. Qh3 Na4 26. Bc1 Be7 27. Bg5 Bf8 28.
Bc1 1/2-1/2

[Event "BL 1213 OSG Baden Baden - SG Turm Trier"]
[Site "?"]
[Date "2013.04.05"]
[Round "13.3"]
[White "Gordon, Stephen"]
[Black "Bacrot, Etienne"]
[Result "1/2-1/2"]
[WhiteElo "2556"]
[BlackElo "2705"]
[PlyCount "52"]
[EventDate "2013.??.??"]

1. d4 Nf6 2. c4 g6 3. Nc3 Bg7 4. e4 d6 5. Nf3 O-O 6. Be2 e5 7. O-O Nc6 8. d5
Ne7 9. b4 Nh5 10. Re1 f5 11. Ng5 Nf6 12. Bf3 c6 13. b5 cxd5 14. cxd5 h6 15. Ne6
Bxe6 16. dxe6 fxe4 17. Nxe4 Nxe4 18. Bxe4 d5 19. Ba3 dxe4 20. Qxd8 Rfxd8 21.
Bxe7 Re8 22. Bc5 Rxe6 23. Be3 a6 24. Reb1 axb5 25. Rxb5 Rea6 26. Rxb7 Rxa2
1/2-1/2

[Event "BL 1213 OSG Baden Baden - SG Turm Trier"]
[Site "?"]
[Date "2013.04.05"]
[Round "13.4"]
[White "Naiditsch, Arkadij"]
[Black "Haslinger, Stewart"]
[Result "1/2-1/2"]
[WhiteElo "2704"]
[BlackElo "2535"]
[PlyCount "143"]
[EventDate "2013.??.??"]

1. c4 e6 2. g3 d5 3. Bg2 Nf6 4. Nf3 dxc4 5. Qa4+ Nbd7 6. Qxc4 c5 7. d3 Bd6 8.
O-O O-O 9. Qb3 Rb8 10. a4 b6 11. Nc3 a6 12. Ng5 Qe7 13. Nge4 Bb7 14. Bg5 h6 15.
Bxf6 Nxf6 16. Nxf6+ Qxf6 17. Bxb7 Rxb7 18. Qc4 Ra8 19. Ne4 Qd8 20. Rfc1 Bf8 21.
Rc2 Qd5 22. Ra2 Rd8 23. b3 Ra8 24. Nd2 Qd7 25. Nf3 b5 26. Qe4 Qd5 27. axb5 Rxb5
28. Nd2 Qxe4 29. dxe4 g5 30. Kf1 Bg7 31. Ke1 Kh7 32. Rc4 Kg6 33. Kd1 a5 34. Kc2
Be5 35. Rca4 Bc7 36. Nc4 Rab8 37. R4a3 h5 38. Kc3 Kg7 39. Rd2 R5b7 40. Kc2 Kf8
41. Rd3 Ke8 42. e5 Rb4 43. Kc3 Ra8 44. Rd1 Rab8 45. f4 gxf4 46. gxf4 Ke7 47.
Rg1 h4 48. h3 Kf8 49. e3 Ra8 50. Nb2 a4 51. Rga1 Ba5 52. Kc2 Rd8 53. Rxa4 Rd2+
54. Kc1 Rxb3 55. R1a2 Bc3 56. Nc4 Rxa2 57. Rxa2 Bb4 58. Kd1 Rc3 59. Rc2 Rxc2
60. Kxc2 Ke7 61. Kd3 f6 62. exf6+ Kxf6 63. Ne5 Kf5 64. Nf3 c4+ 65. Kxc4 Ke4 66.
Nxh4 Bd6 67. Ng6 Kxe3 68. h4 Bxf4 69. h5 Bh6 70. Ne5 Kf4 71. Nf7 Kg4 72. Nxh6+
1/2-1/2

[Event "BL 1213 OSG Baden Baden - SG Turm Trier"]
[Site "?"]
[Date "2013.04.05"]
[Round "13.5"]
[White "Cioara, Andrei Nestor"]
[Black "Kasimdzhanov, Rustam"]
[Result "1/2-1/2"]
[WhiteElo "2483"]
[BlackElo "2690"]
[PlyCount "75"]
[EventDate "2013.??.??"]

1. d4 Nf6 2. c4 g6 3. g3 Bg7 4. Bg2 O-O 5. Nf3 d6 6. O-O Nc6 7. Nc3 Bf5 8. d5
Na5 9. Nd2 c6 10. e4 Bg4 11. Qc2 Rc8 12. h3 Bd7 13. Qd3 cxd5 14. cxd5 Qc7 15.
Rd1 a6 16. Nf3 b5 17. Nd4 Nc4 18. Nce2 Ne5 19. Qe3 Nc4 20. Qd3 Ne5 21. Qe3 e6
22. b3 exd5 23. exd5 Qc5 24. Bb2 Nxd5 25. Qd2 Ne7 26. Nf4 Qb6 27. Rac1 Rxc1 28.
Rxc1 Rc8 29. Rd1 h5 30. Nde2 Bc6 31. Qxd6 Qc7 32. Qxc7 Rxc7 33. Rc1 Nf3+ 34.
Bxf3 Bxb2 35. Rc2 Be5 36. Bxc6 Rxc6 37. Rxc6 Nxc6 38. Nd3 1/2-1/2

[Event "BL 1213 OSG Baden Baden - SG Turm Trier"]
[Site "?"]
[Date "2013.04.05"]
[Round "13.6"]
[White "Nielsen, Peter-Heine"]
[Black "Galyas, Miklos"]
[Result "1-0"]
[WhiteElo "2662"]
[BlackElo "2423"]
[PlyCount "77"]
[EventDate "2013.??.??"]

1. d4 f5 2. g3 Nf6 3. Bg2 g6 4. Nf3 Bg7 5. O-O O-O 6. c4 d6 7. Nc3 c6 8. Rb1
Kh8 9. b4 Nbd7 10. b5 Nb6 11. bxc6 bxc6 12. Nd2 Qe8 13. Ba3 Be6 14. c5 Nbd5 15.
Nxd5 Nxd5 16. Qc2 dxc5 17. Bxc5 f4 18. Rb7 g5 19. Nf3 g4 20. Nh4 Bf6 21. Nf5
Qh5 22. Nxe7 f3 23. exf3 gxf3 24. Re1 Nf4 25. Bf1 Bh3 26. Qc4 Bxf1 27. Qxf1
Ne2+ 28. Kh1 Rf7 29. Reb1 Re8 30. Rb8 Rfxe7 31. Bxe7 Bxe7 32. Rxe8+ Qxe8 33.
Qh3 Nxd4 34. Qh6 c5 35. Qe3 Kg7 36. Qe5+ Kf7 37. Qh5+ Kf8 38. Qxh7 Qd8 39. Rb8
1-0

[Event "BL 1213 OSG Baden Baden - SG Turm Trier"]
[Site "?"]
[Date "2013.04.05"]
[Round "13.7"]
[White "Seger, Ruediger"]
[Black "Nisipeanu, Liviu-Dieter"]
[Result "1/2-1/2"]
[WhiteElo "2390"]
[BlackElo "2661"]
[PlyCount "72"]
[EventDate "2013.??.??"]

1. e4 e5 2. Nf3 Nc6 3. d4 exd4 4. Nxd4 Nf6 5. Nc3 Bb4 6. Nxc6 bxc6 7. Bd3 d5 8.
exd5 O-O 9. O-O cxd5 10. Bg5 c6 11. Qf3 Rb8 12. Ne2 Bg4 13. Bxf6 Bxf3 14. Bxd8
Bxe2 15. Bxe2 Rfxd8 16. Rfd1 Re8 17. Bd3 Be7 18. Rab1 Bf6 19. c3 Re7 20. Rdc1
c5 21. b3 Rd8 22. Rc2 g6 23. Kf1 a5 24. Rd1 Re6 25. Be2 Kg7 26. g3 Red6 27. h4
d4 28. cxd4 Bxd4 29. Bc4 h6 30. Re2 g5 31. hxg5 hxg5 32. Re7 Rf6 33. Rd2 Rdd6
34. Kg2 Rf5 35. g4 Rf4 36. f3 Rdf6 1/2-1/2

[Event "BL 1213 OSG Baden Baden - SG Turm Trier"]
[Site "?"]
[Date "2013.04.05"]
[Round "13.8"]
[White "Schlosser, Philipp"]
[Black "Yankelevich, Lev"]
[Result "1-0"]
[WhiteElo "2579"]
[BlackElo "2178"]
[PlyCount "89"]
[EventDate "2013.??.??"]

1. c4 e6 2. d4 d5 3. Nc3 Nf6 4. cxd5 exd5 5. Bg5 Be7 6. e3 c6 7. Qc2 Nbd7 8.
Bd3 Nh5 9. Bxe7 Qxe7 10. Nge2 g6 11. O-O O-O 12. Rab1 Nb6 13. b4 a6 14. a4 Be6
15. Nc1 Ng7 16. b5 axb5 17. axb5 c5 18. dxc5 Qxc5 19. Nb3 Qd6 20. Nd4 Rfc8 21.
Rfc1 Nc4 22. Qd1 Qa3 23. Rb3 Qa5 24. h3 Ne5 25. Bf1 Rc5 26. Nce2 Rxc1 27. Qxc1
Rc8 28. Rc3 Rxc3 29. Nxc3 Qc7 30. Qa1 h5 31. g3 Qd7 32. Bg2 Nc4 33. h4 Ne8 34.
Nce2 Nc7 35. Nf4 Bf5 36. Kh2 Be4 37. Bh3 Qe7 38. f3 g5 39. Nxh5 Qe5 40. hxg5
Bxf3 41. Nf6+ Kh8 42. b6 Na6 43. Nd7 Qg7 44. Qxa6 bxa6 45. b7 1-0

[Event "BL 1213 Hamburger SK - SK Norderstedt"]
[Site "?"]
[Date "2013.04.05"]
[Round "13.1"]
[White "Olszewski, Michal"]
[Black "Ghaem Maghami, Ehsan"]
[Result "0-1"]
[WhiteElo "2532"]
[BlackElo "2557"]
[PlyCount "126"]
[EventDate "2013.??.??"]

1. Nf3 Nf6 2. c4 e6 3. Nc3 d5 4. e3 Be7 5. d4 O-O 6. Bd3 c5 7. O-O a6 8. cxd5
exd5 9. dxc5 Bxc5 10. h3 Nc6 11. b3 d4 12. exd4 Nxd4 13. Bb2 Ba7 14. Nxd4 Qxd4
15. Qf3 Bd7 16. Rad1 Bc6 17. Qg3 Bb8 18. Qxb8 Raxb8 19. Bxh7+ Kxh7 20. Rxd4
Rbd8 21. Rfd1 Rxd4 22. Rxd4 Re8 23. f3 Nd7 24. Kf2 f6 25. Nd5 Kg6 26. Rd2 a5
27. h4 Kf7 28. Ne3 a4 29. Nf5 Ra8 30. b4 Nb6 31. Re2 Nc4 32. Re7+ Kf8 33. Rxg7
Nxb2 34. h5 Nd1+ 35. Ke2 Re8+ 36. Kxd1 Re5 37. h6 Rxf5 38. Rg6 Kf7 39. Rg7+ Kf8
40. Rg6 Bd5 41. a3 Bf7 42. h7 Rh5 43. Rxf6 Rxh7 44. Ke2 Rh1 45. Rb6 Ra1 46.
Rxb7 Rxa3 47. b5 Rb3 48. Kd2 Bc4 49. b6 Ba6 50. Rb8+ Kg7 51. Kc2 Rb5 52. Re8
Rxb6 53. Re5 Rb3 54. Ra5 Bd3+ 55. Kd2 a3 56. Ke3 Bf1+ 57. Kf4 Kf6 58. Kg3 Bc4
59. Kh4 Rc3 60. g4 Rxf3 61. g5+ Kg6 62. Re5 Rf4+ 63. Kg3 Rf1 0-1

[Event "BL 1213 Hamburger SK - SK Norderstedt"]
[Site "?"]
[Date "2013.04.05"]
[Round "13.2"]
[White "Ernst, Sipke"]
[Black "Kopylov, Mihail"]
[Result "1-0"]
[WhiteElo "2554"]
[BlackElo "2473"]
[PlyCount "61"]
[EventDate "2013.??.??"]

1. d4 f5 2. g3 Nf6 3. Bg2 g6 4. c4 Bg7 5. Nf3 O-O 6. O-O d6 7. Nc3 Qe8 8. Re1
Qf7 9. e4 fxe4 10. Nxe4 Nc6 11. Nfg5 Qxc4 12. d5 Nb4 13. Nxf6+ Bxf6 14. Ne4 Bf5
15. Bh6 Bxb2 16. Rb1 Nd3 17. Bxf8 Rxf8 18. Bf1 Bxe4 19. Bxd3 Bxd3 20. Rxb2 Be4
21. Qg4 Qc3 22. Rbe2 Bxd5 23. Rxe7 Qf6 24. Qe2 c5 25. h4 Bc6 26. Re6 Qd4 27.
Rd1 Qc3 28. Rexd6 Bf3 29. Qe6+ Kh8 30. Rd8 Qg7 31. Qc8 1-0

[Event "BL 1213 Hamburger SK - SK Norderstedt"]
[Site "?"]
[Date "2013.04.05"]
[Round "13.3"]
[White "Feuerstack, Aljoscha"]
[Black "Hansen, Sune Berg"]
[Result "0-1"]
[WhiteElo "2421"]
[BlackElo "2566"]
[PlyCount "66"]
[EventDate "2013.??.??"]

1. e4 e5 2. Nf3 Nc6 3. d4 exd4 4. Nxd4 Bc5 5. Nxc6 Qf6 6. Qf3 dxc6 7. Nd2 Be6
8. Bc4 Bxc4 9. Nxc4 O-O-O 10. Qg4+ Kb8 11. O-O h5 12. Qf4 Qe6 13. b3 Nf6 14. e5
Nd5 15. Qe4 b5 16. Be3 f5 17. Qf3 Bb4 18. a3 Bc3 19. Rab1 f4 20. Bc1 g5 21. Bb2
g4 22. Qe4 f3 23. a4 Bxb2 24. Nxb2 Nc3 25. Qe3 Nxb1 26. Rxb1 Qd5 27. Nd3 Qd4
28. Qg5 fxg2 29. Qg6 Qc3 30. axb5 Qxc2 31. Rc1 Qxd3 32. Qxc6 Rh7 33. e6 h4 0-1

[Event "BL 1213 Hamburger SK - SK Norderstedt"]
[Site "?"]
[Date "2013.04.05"]
[Round "13.4"]
[White "Svane, Rasmus"]
[Black "Bekker-Jensen, Simon"]
[Result "1-0"]
[WhiteElo "2394"]
[BlackElo "2402"]
[PlyCount "73"]
[EventDate "2013.??.??"]

1. d4 Nf6 2. c4 g6 3. Nc3 Bg7 4. e4 d6 5. Nf3 O-O 6. Be2 Na6 7. O-O e5 8. Be3
Ng4 9. Bg5 Qe8 10. Re1 exd4 11. Nd5 c6 12. Ne7+ Kh8 13. Nxc8 Rxc8 14. Nxd4 Nf6
15. Bf3 Nc5 16. Bf4 Rd8 17. Qc2 Nfd7 18. Be3 Qe7 19. b4 Ne6 20. Nxe6 Qxe6 21.
Rad1 a6 22. h3 Ne5 23. Be2 d5 24. exd5 cxd5 25. Bc5 Rfe8 26. cxd5 Rxd5 27. Rxd5
Qxd5 28. Rd1 Qe6 29. Bf1 Rc8 30. Qe4 b5 31. Rd6 Qxa2 32. Qb7 Rg8 33. Rxa6 Qb1
34. Ra8 h5 35. Rxg8+ Kxg8 36. Qxb5 Kh7 37. f4 1-0

[Event "BL 1213 Hamburger SK - SK Norderstedt"]
[Site "?"]
[Date "2013.04.05"]
[Round "13.5"]
[White "Meyer, Falko"]
[Black "Ftacnik, Lubomir Dr"]
[Result "0-1"]
[WhiteElo "2259"]
[BlackElo "2547"]
[PlyCount "86"]
[EventDate "2013.??.??"]

1. c4 Nf6 2. g3 g6 3. Bg2 Bg7 4. Nc3 c5 5. e3 O-O 6. Nge2 d6 7. O-O Nc6 8. d4
Bd7 9. b3 h5 10. Bb2 Rb8 11. Qd2 Qc8 12. Nd5 cxd4 13. Nxd4 Nxd5 14. cxd5 Nxd4
15. Bxd4 Bxd4 16. Qxd4 Qc5 17. Qd2 Rfc8 18. Rfc1 Qb6 19. h4 a5 20. Kh2 Qb4 21.
Qxb4 axb4 22. Rc4 Rxc4 23. bxc4 Ra8 24. Rb1 Rxa2 25. Rxb4 Rxf2 26. Rxb7 Bg4 27.
Kg1 Re2 28. Rxe7 Kf8 29. Re4 Bf5 30. Rd4 Rxe3 31. Kf2 Rc3 32. Bf1 Ke7 33. Rd2
Kf6 34. Ra2 Be4 35. Be2 Ke5 36. Ra7 f6 37. Ra4 Bf5 38. Ra6 Rc2 39. Ke3 Bg4 40.
Bd3 Rg2 41. Bxg6 Rxg3+ 42. Kf2 Rc3 43. Rc6 f5 0-1

[Event "BL 1213 Hamburger SK - SK Norderstedt"]
[Site "?"]
[Date "2013.04.05"]
[Round "13.6"]
[White "Rogozenco, Dorian"]
[Black "Jochens, Arne"]
[Result "1-0"]
[WhiteElo "2503"]
[BlackElo "2298"]
[PlyCount "83"]
[EventDate "2013.??.??"]

1. d4 e6 2. c4 f5 3. g3 Nf6 4. Bg2 c6 5. Nd2 d5 6. Nh3 Bd6 7. O-O O-O 8. Nf3
Ne4 9. Qc2 Nd7 10. Nf4 Qe7 11. Nd3 Kh8 12. b3 a5 13. Bb2 b6 14. Nfe5 Bxe5 15.
dxe5 Bb7 16. a4 c5 17. cxd5 Bxd5 18. Nf4 Rad8 19. Rad1 Nb8 20. f3 Ng5 21. h4
Nf7 22. Nxd5 exd5 23. Qxf5 Nh6 24. Qg5 Qe6 25. f4 d4 26. Rd3 Rde8 27. Qh5 Na6
28. Ba3 Nf5 29. Be4 g6 30. Qf3 Nb4 31. Bxb4 axb4 32. Rc1 Rc8 33. Rcd1 Ne3 34.
Rxe3 dxe3 35. Bd5 Qe7 36. Qxe3 Rcd8 37. Qd3 Qd7 38. e4 Qh3 39. Qf3 Rde8 40. e6
Rf6 41. Bc4 Rfxe6 42. Bf1 1-0

[Event "BL 1213 Hamburger SK - SK Norderstedt"]
[Site "?"]
[Date "2013.04.05"]
[Round "13.7"]
[White "Michna, Christian"]
[Black "Heinemann, Thies"]
[Result "1-0"]
[WhiteElo "2279"]
[BlackElo "2479"]
[PlyCount "79"]
[EventDate "2013.??.??"]

1. e4 c5 2. c3 g6 3. d4 cxd4 4. cxd4 d5 5. e5 Bg7 6. Nc3 Nc6 7. h3 f6 8. f4 Nh6
9. g4 fxe5 10. fxe5 e6 11. Nf3 O-O 12. Bg2 Qb6 13. Na4 Qc7 14. Be3 Bd7 15. Rc1
Rac8 16. O-O Nf7 17. Qd2 Qd8 18. Nc3 Na5 19. b3 Qb6 20. h4 Nh8 21. h5 Rf7 22.
Ng5 Rxf1+ 23. Rxf1 Rf8 24. Rxf8+ Kxf8 25. Nxh7+ Kg8 26. Nf6+ Bxf6 27. exf6 Nc6
28. Bf2 Qd8 29. Bh4 Qf8 30. Qg5 Kh7 31. Qf4 Qb8 32. Qe3 Qe8 33. Bf1 Qf7 34. Bd3
e5 35. dxe5 d4 36. Qg5 Be8 37. hxg6+ Nxg6 38. Qh5+ Kg8 39. Bc4 dxc3 40. Qxg6+
1-0

[Event "BL 1213 Hamburger SK - SK Norderstedt"]
[Site "?"]
[Date "2013.04.05"]
[Round "13.8"]
[White "Berger, Steve"]
[Black "Kahlert, Thomas"]
[Result "1-0"]
[WhiteElo "2400"]
[BlackElo "2230"]
[PlyCount "73"]
[EventDate "2013.??.??"]

1. c4 Nf6 2. d4 g6 3. f3 Bg7 4. e4 d6 5. Nc3 O-O 6. Be3 e5 7. d5 c6 8. Qd2 cxd5
9. cxd5 Nh5 10. g4 Nf4 11. Nge2 f5 12. gxf5 gxf5 13. Nxf4 Qh4+ 14. Bf2 Qxf4 15.
Qxf4 exf4 16. Rg1 Nd7 17. Bd4 Ne5 18. O-O-O Bd7 19. Bb5 Bc8 20. Bxe5 dxe5 21.
exf5 Bxf5 22. Bd3 Bd7 23. Ne4 h6 24. Kb1 Kh8 25. Nc5 Bh3 26. Be4 b6 27. Ne6 Rf7
28. d6 Rg8 29. d7 Bxe6 30. d8=Q Rxd8 31. Rxd8+ Rf8 32. Rd6 Bf5 33. Bxf5 Rxf5
34. Rd7 Rg5 35. Rxg5 hxg5 36. h3 a5 37. Kc2 1-0

[Event "BL 1213 Werder Bremen - Turm Emsdetten"]
[Site "?"]
[Date "2013.04.05"]
[Round "13.3"]
[White "Hector, Jonny"]
[Black "Hracek, Zbynek"]
[Result "1-0"]
[WhiteElo "2539"]
[BlackElo "2612"]
[PlyCount "97"]
[EventDate "2013.??.??"]

1. e4 e5 2. Nf3 Nc6 3. Bc4 Bc5 4. c3 Nf6 5. d4 exd4 6. cxd4 Bb4+ 7. Nbd2 Nxe4
8. d5 Ne7 9. O-O Bxd2 10. Nxd2 Nxd2 11. Bxd2 d6 12. Re1 O-O 13. Qh5 Ng6 14. Bd3
Bd7 15. Re4 Re8 16. Bg5 Qc8 17. Rh4 h6 18. Bxh6 Re5 19. Bg5 Rxg5 20. Qxg5 Nxh4
21. Qxh4 Bf5 22. Qc4 Bxd3 23. Qxd3 Qd7 24. h3 Re8 25. Rc1 c5 26. dxc6 bxc6 27.
b4 Re5 28. a4 a5 29. bxa5 Rxa5 30. Rc4 c5 31. Qc2 Qd8 32. g3 Ra8 33. Rh4 f6 34.
Qh7+ Kf7 35. Qh5+ Ke6 36. Re4+ Kd7 37. Qg4+ Kc6 38. Qxg7 Qg8 39. Qxf6 Qd5 40.
Qe7 c4 41. Re1 Qd3 42. Rc1 Rb8 43. Qe1 Kd7 44. a5 Rb2 45. a6 Ra2 46. Qb4 Qd4
47. Rf1 d5 48. Qb1 Ra3 49. Qf5+ 1-0

[Event "BL 1213 Werder Bremen - Turm Emsdetten"]
[Site "?"]
[Date "2013.04.05"]
[Round "13.4"]
[White "Rapport, Richard"]
[Black "Janssen, Ruud"]
[Result "1-0"]
[WhiteElo "2621"]
[BlackElo "2483"]
[PlyCount "147"]
[EventDate "2013.??.??"]

1. d4 Nf6 2. c4 e6 3. Nc3 Bb4 4. e3 b6 5. Nge2 Ba6 6. Ng3 Bb7 7. Bd2 h5 8. h4
Bd6 9. Rh3 g6 10. Qc2 Nc6 11. a3 a6 12. Nge4 Be7 13. Ng5 Nh7 14. Nf3 d5 15. b4
Bf6 16. cxd5 exd5 17. Bd3 Ne7 18. Ne2 Bc8 19. Rh1 Bf5 20. Bxf5 Nxf5 21. Nf4 Qd7
22. Rc1 Ra7 23. Qb3 Ne7 24. a4 Nf8 25. Nd3 Ne6 26. Nfe5 Bxe5 27. Nxe5 Qd8 28.
b5 f6 29. Nc6 Nxc6 30. Rxc6 Qd7 31. Ke2 Kf7 32. Rhc1 Re8 33. Kf1 Nd8 34. R6c2
axb5 35. axb5 Ne6 36. Qd3 Rea8 37. g4 hxg4 38. h5 f5 39. Rc6 Ra1 40. hxg6+ Kxg6
41. e4 fxe4 42. Qg3 Rxc1+ 43. Bxc1 Ra1 44. Qxg4+ Kf7 45. Kg2 Qe7 46. Qh5+ Kg8
47. Qg6+ Ng7 48. Bh6 e3 49. fxe3 Ra2+ 50. Kg3 Ra1 51. Kg2 Ra2+ 52. Kf3 Rb2 53.
Kg3 Qf8 54. Qxg7+ Qxg7+ 55. Bxg7 Kxg7 56. Rxc7+ Kf8 57. Kf4 Rxb5 58. Rc6 Rb1
59. Ke5 Rb3 60. Rf6+ Kg7 61. Rf3 Rb5 62. Kd6 Kg6 63. Rf8 Kg5 64. Re8 Kg4 65.
Kc6 Rb1 66. Kxd5 Kf3 67. e4 Ke3 68. Ke5 b5 69. Rh8 b4 70. d5 b3 71. d6 b2 72.
Rb8 Kf3 73. Rb3+ Kg4 74. d7 1-0